| 000 | 01325nam a2200361Ia 4500 | ||
|---|---|---|---|
| 001 | Z_6988 | ||
| 003 | CHAP | ||
| 005 | 20221116191103.0 | ||
| 008 | 220113s2017 xx 000 0 und d | ||
| 010 | _a170246 | ||
| 040 | _cCHAP | ||
| 090 | _aTesis C377 2578 | ||
| 100 |
_aCaro García, José Manuel _9133873 |
||
| 245 |
_aRespuesta productiva de ovejas suplementadas con propionato de calcio / _cJosé Manuel Caro García y Heriberto López Sánchez |
||
| 260 |
_aMéxico : _bEl autor, _c2017 |
||
| 300 | _aCD | ||
| 502 | _aTesis (Ingeniero Agrónomo Especialista en Zootecnia) -- UACh, 2017 \ Dirección: Said Cadena Villegas; asesoría: César Córtez Romero y Carlos Guillermo Germán Alarcón | ||
| 650 |
_aFertilidad _9144042 |
||
| 650 |
_aGanado ovino _9139065 |
||
| 650 |
_aGluconeogénico _9146492 |
||
| 650 |
_aProlificidad _9144581 |
||
| 650 |
_aSuplementación dirigida _9146493 |
||
| 700 |
_a Cadena Villegas, Said, director _9146486 |
||
| 700 |
_a Córtez Romero, César, asesor _9146494 |
||
| 700 |
_a Germán Alarcón, Carlos Guillermo, asesor _9143067 |
||
| 700 |
_aLópez Sánchez, Heriberto, coaut. _9146495 |
||
| 856 | 4 | 2 |
_uhttp://10.13.5.2/tesis/sist114040.pdf _yDescargar PDF |
| 901 | _aTESIS C377 2578 | ||
| 902 | _aA | ||
| 910 | _a2017 | ||
| 942 |
_c2 _2ddc |
||
| 942 |
_c2 _2ddc |
||
| 999 |
_c170246 _d170246 |
||